Banderas de las provincias de Papua Nueva Guinea - Estadísticas

Estadísticas generales
  • Esta prueba ha sido intentada 14 veces
  • La puntuación promedio es 2 de 22
Estadísticas de respuestas
Imagen Respuesta % Correcto
Oro
67%
Simbu
67%
Nueva Bretaña Oriental
33%
Tierras Altas Orientales
33%
Bahía de Milne
0%
Bougainville
0%
Distrito Capital Nacional
0%
Enga
0%
Hela
0%
Jiwaka
0%
Madang
0%
Manus
0%
Morobe
0%
Nueva Bretaña Occidental
0%
Nueva Irlanda
0%
Provincia Central
0%
Provincia del Golfo
0%
Provincia Occidental
0%
Sandaun
0%
Sepik Oriental
0%
Tierras Altas del Sur
0%
Tierras Altas Occidentales
0%
No se encontraron pruebas coincidentes
Distribución de puntuación
Porcentaje de gente con cada puntuación
Porcentaje por número respondido
Historial de tus puntuaciones
No has intentado esta prueba.